Statistics for "20 Nots" Multiple Choice General Knowledge

Click here to take the quiz!

General Stats

  • This quiz has been taken 581 times
  • The average score is 7 of 20

Answer Stats

QuestionAnswer% Correct
Not a James Bond movieThe French Connection
75%
Not a wife of Henry VIIICatherine of Saxe-Lauenburg
73%
Not a member of the Three MusketeersArgos
66%
Not a Beatles songYou just may be the one
65%
Not a movie starring Sandra BullockWater for Elephants
62%
Not a United States presidentSamuel Clemens
45%
Not mentioned in "Mambo no 5"Lisa
37%
Not a founding member of the European UnionAustria
30%
Not using Euro as currencyDenmark
28%
Not a country capitalDouala
27%
Not a GM car brandLincoln
27%
Not an Academy Award winnerSe7en
26%
Not a Russian city with a population over 1,000,000Saratov
25%
Not an opera by MozartLa Traviata
24%
Not fully or partly colonized by FranceMozambique
22%
Not a Fortune 500 company in 2019Hasbro
18%
Not native to AfricaSlow Lori
18%
Not a Sesame Street characterScooter
15%
Not an Italian inventionPencil sharpener
14%
Not a Top 10 selling beer in the worldFosters
8%

Score Distribution

Percentile by Number Answered

Percent of People with Each Score

Your Score History

You have not taken this quiz